|
|
|
|
| LEADER |
00000cam a2200000 7i4500 |
| 001 |
0000004028 |
| 005 |
20150108.0 |
| 090 |
0 |
0 |
|a 352.4309595
|b LAN 2012
|
| 245 |
0 |
0 |
|a Laporan Ketua Audit Negara :
|b Penyata Kewangan dan Pengurusan Kewangan Kementerian/Jabatan Kerajaan Persekutuan
|c Jabatan Audit Negara Malaysia
|
| 260 |
0 |
0 |
|a Putrajaya :
|b Jabatan Audit Negara Malaysia ,
|c 2012
|
| 300 |
|
|
|a xiii, 179 p. :
|b il. ;
|c 29cm.
|
| 650 |
0 |
0 |
|a Finance, Public
|z Malaysia \x Handbooks, manuals, etc.
|
| 650 |
0 |
0 |
|a Public administration
|z Malaysia \x Handbooks, manuals, etc.
|
| 998 |
|
|
|a JPSM
|
| 999 |
|
|
|a 007855
|b Monograph
|c Open Shelf
|e Default branch
|